"Hunger Strike" Temple of the Dog Lyrics - Statistics

General Stats
  • This quiz has been taken 22 times
  • The average score is 48 of 57
Answer Stats
Answer % Correct
I
100%
I
100%
the
100%
the
100%
the
100%
the
100%
the
100%
the
100%
the
100%
bread
94%
don't
94%
from
94%
hungry.
94%
hungry.
94%
hungry.
94%
mind
94%
mouths
94%
mouths
94%
of
94%
stealing
94%
can't
89%
going
89%
going
89%
going
89%
I'm
89%
I'm
89%
I'm
89%
are
83%
are
83%
but
83%
But
83%
but
83%
cup's
83%
feed
83%
my
83%
on
83%
on
83%
on
83%
powerless
83%
when
83%
already
78%
overfilled.
78%
and
72%
babies,
72%
decadence,
72%
it's
72%
table,
72%
table,
72%
fire's
67%
slaves
67%
working.
67%
choking,
61%
cooking,
61%
is
61%
they're
61%
Blood
56%
farming
56%
No matching quizzes found
Score Distribution
Percent of People with Each Score
Percentile by Number Answered
Your Score History
You have not taken this quiz